Normal view
MARC view
Entry Personal Name
001 - CONTROL NUMBER
- control field: 33582
003 - CONTROL NUMBER IDENTIFIER
- control field: OSt
005 - DATE AND TIME OF LATEST TRANSACTION
- control field: 20160120124625.0
008 - FIXED-LENGTH DATA ELEMENTS
- fixed length control field: 160120|| aca||aabn | a|a d
040 ## - CATALOGING SOURCE
- Original cataloging agency: OSt
- Transcribing agency: OSt
100 ## - HEADING--PERSONAL NAME
- Personal name: Kumar, Umesh
670 ## - SOURCE DATA FOUND
- Source citation: Work cat.: (OSt)44498: Kumar, Umesh, People"s Participation In Panchayati Raj Institutions, 2009









